000
00247 a2200109 4500
001
119691
040
_c
Escola Canadense de Niteroi
245
1
0
_a
Alfabetário cursivo [Banner]
650
4
_a
Alfabeto
650
4
_a
LĂngua Portuguesa
942
_c
MATP
999
_c
119691
_d
119691